000 00583nam a2200229Ia 4500
003 OSt
005 20220918202441.0
006 a|||||r|||| 00| 0
007 ta
008 220917b |||||||| |||| 00| 0 eng d
024 _a101,315
037 _cTextual
040 _aARTS
_cARTS
_beng
041 _2eng
_aeng
082 _aV241:1:N7, K6
100 _aLamb Alastair
_9100594
245 0 _aCrisis in Kashmir 1947 to 1966
260 _aNA
_bNA
_c1966
650 _aHISTORY
942 _hV241:1:N7, K6
_cTEXL
_2CC
999 _c224797
_d224797